公営航路を運航する市町村 - Statistics

General Stats
  • This quiz has been taken 25 times
    13 since last reset
  • The average score is 42 of 52
Answer Stats
都道府県 市町村 航路 % Correct
宮城県 塩竈市 塩竈~浦戸諸島
100%
三重県 鳥羽市 鳥羽~神島
100%
三重県 志摩市 和田~的矢
100%
大阪府 大阪市 木津川渡 ほか
100%
兵庫県 洲本市 生石~由良~成ヶ島
100%
広島県 尾道市 細島~因島
100%
広島県 福山市 鞆~仙酔島
100%
山口県 下関市 竹崎~六連島 ほか
100%
山形県 酒田市 酒田~飛島
92%
山口県 周防大島町 久賀~前島 ほか
92%
徳島県 鳴門市 黒崎~高島 ほか
92%
愛媛県 松山市 三津~港山
92%
愛媛県 今治市 岡村~今治 ほか
92%
愛媛県 新居浜市 大島~黒島
92%
福岡県 北九州市 藍島~小倉 ほか
92%
福岡県 福岡市 博多~志賀島 ほか
92%
福岡県 糸島市 姫島~岐志
92%
長崎県 佐世保市 神浦~寺島~柳
92%
長崎県 対馬市 樽ヶ浜~仁位
92%
長崎県 壱岐市 大島~郷ノ浦
92%
長崎県 五島市 奈留島~笠松~前島
92%
鹿児島県 鹿児島市 桜島~鹿児島
92%
鹿児島県 屋久島町 宮之浦~永良部~島間
92%
愛知県 豊橋市 牛川の渡し
83%
広島県 大崎上島町 白水~契島
83%
香川県 土庄町 小江~沖之島
83%
長崎県 平戸市 的山大島~平戸
83%
大分県 佐伯市 大島~佐伯 ほか
83%
大分県 姫島村 姫島~国見
83%
鹿児島県 十島村 鹿児島~十島~名瀬
83%
東京都 新島村 新島~式根島
75%
山口県 上関町 八島~上関
75%
香川県 三豊市 仁尾~蔦島
75%
福岡県 宗像市 大島~神湊~地島 ほか
75%
長崎県 小値賀町 笛吹~大島・野崎 ほか
75%
宮崎県 日南市 大島~目井津
75%
鹿児島県 瀬戸内町 瀬相~古仁屋~生間
75%
愛知県 西尾市 一色~佐久島
67%
愛媛県 上島町 魚島~弓削~土生 ほか
67%
高知県 須崎市 坂内~埋立
67%
高知県 宿毛市 沖の島~片島
67%
長崎県 西海市 釜浦~瀬戸
67%
大分県 津久見市 津久見~保戸島
67%
鹿児島県 三島村 鹿児島~三島
67%
沖縄県 伊江村 伊江~本部
67%
沖縄県 伊平屋村 伊平屋~運天
67%
沖縄県 伊是名村 伊是名~運天
67%
沖縄県 渡嘉敷村 泊~渡嘉敷
58%
沖縄県 粟国村 泊~粟国
58%
沖縄県 座間味村 泊~座間味
50%
福岡県 新宮町 相島~新宮
42%
茨城県 取手市 小堀の渡し
33%
No matching quizzes found
Score Distribution
Percent of People with Each Score
Percentile by Number Answered
Your Score History
You have not taken this quiz since the last reset